000 00312nam a2200157Ia 4500
100 _aSiegel/Charles
250 _a3
942 _cBK
654 _aComputer
245 _aMastering Visual Foxpro 3
260 _bB.P.B
_c1995
082 _a5.133
_bSIE
300 _a1089
546 _aENGLISH
999 _c35268
_d35268